000 00772nam a2200217Ia 4500
005 20241129111333.0
008 241129s9999||||xx |||||||||||||| ||und||
020 _a978-3-11-077612-6
037 _aTB
040 _aCRL
_beng
_cCRL
041 _aeng
_2eng
084 _aY:492.49G R2
_qCRL
100 _aEkama Kate Ed.; Hellman Lisa Ed.; Rossum Matthias van Ed.
_9724124
245 0 _aSlavery and bondage in asia, 1550-1850: towards a global history of coerced labour
_cEkama Kate Ed.; Hellman Lisa Ed.; Rossum Matthias van Ed.
260 _aAmsterdam,
_bAmsterdam Walter de Gruyter
_c2022
365 _aEURO
_b84.95
490 _aDependency and slavery studies; Vol. 3
650 _aSociology
942 _cTB
_hY:492.49G R2
999 _c1229987
_d1229987